Datum a čas kvízu
21
Celkem bodů
Celkový počet nahraných bodů na tomto kvízu bez doplňovacích otázek.
9.
Pořadí na kvízu
Konečné umístění týmu na tomto kvízu.
Zaznamenané odpovědi
| # | Otázka | Odpověď | Body | Výsledky |
|---|---|---|---|---|
| 1. | Poprvé v novodobé historii Čes... | Číslo 66. | 1 | |
| 2. | Evropský parlament minulý týde... | Alexej Navalnyj | 0 | |
| 3. | Minulý čtvrtek měl v českých k... | Duna | 1 | |
| 4. | Firma Apple opět vzbudila pozo... | Čisticí hadřík. | 0 | |
| 5. | Vyprodáno. Podle očekávání sle... | Seattle Kraken | 0 | |
| 6. | Toto téma začneme manželkami k... | 1C 2B 3A 4D | 1 | |
| 7. | Přesuneme se ke Králi popu. Ja... | The Jackson 5 | 1 | |
| 8. | Jak se nazývá klub, za který h... | West Ham United FC | 0 | |
| 9. | Mnoho deskových her využívá kr... | Shogi | 1 | |
| 10. | V roce 2021 streamovací platfo... | Král Šamanů (Shaman King) | 0 |